Acreditación universitaria en América Latina : (Record no. 137631)
[ view plain ]
| 000 -CABECERA | |
|---|---|
| campo de control de longitud fija | 00657nam a2200193 a 4500 |
| 005 - FECHA Y HORA DE LA ÚLTIMA TRANSACCIÓN | |
| campo de control | 20250802063832.0 |
| 008 - ELEMENTOS DE LONGITUD FIJA--INFORMACIÓN GENERAL | |
| campo de control de longitud fija | 081107s1994 mx r 000 0 spa d |
| 020 ## - NÚMERO INTERNACIONAL NORMALIZADO PARA LIBROS | |
| Número Internacional Estándar del Libro | 9806226860 |
| 035 ## - NÚMERO DE CONTROL DEL SISTEMA | |
| Número de control de sistema | UPN01000165519 |
| 049 ## - COLECCIÓN | |
| Colección | UNE |
| 050 #4 - SIGNATURA TOPOGRÁFICA DE LA BIBLIOTECA DEL CONGRESO | |
| Número de clasificación | LB2331.615 A4.4 |
| Número de documento/Ítem | A2.7 |
| 245 00 - MENCIÓN DE TÍTULO | |
| Título | Acreditación universitaria en América Latina : |
| Resto del título | antecedentes y experiencias. |
| 260 ## - PUBLICACIÓN, DISTRIBUCIÓN, ETC. | |
| Lugar de publicación, distribución, etc. | Caracas : |
| Nombre del editor, distribuidor, etc. | UNESCO : |
| -- | CRESALC, |
| Fecha de publicación, distribución, etc. | 1994. |
| 300 ## - DESCRIPCIÓN FÍSICA | |
| Extensión | 267 p. |
| 650 #7 - ASIENTO SECUNDARIO DE MATERIA - TERMINO TEMATICO | |
| Término de materia o nombre geográfico como elemento de entrada | Universidades y colegios |
| Subdivisión general | Acreditación |
| Subdivisión geográfica | América Latina |
| Fuente del encabezamiento o término | |
| 9 (RLIN) | 5040 |
| 650 #7 - ASIENTO SECUNDARIO DE MATERIA - TERMINO TEMATICO | |
| Término de materia o nombre geográfico como elemento de entrada | Acreditación (Educación) |
| Subdivisión geográfica | América Latina |
| Fuente del encabezamiento o término | |
| 9 (RLIN) | 24106 |
| 650 #4 - ASIENTO SECUNDARIO DE MATERIA - TERMINO TEMATICO | |
| Término de materia o nombre geográfico como elemento de entrada | Educación superior |
| Subdivisión geográfica | América Latina |
| 9 (RLIN) | 5753 |
| 905 ## - TIPO DE MATERIAL | |
| Tipo de material | Libro |
| Estado de retiro | Estado de pérdida | Fuente del sistema de clasificación o colocación | Estado dañado | No para préstamo | Código de colección | Localización permanente | Ubicación/localización actual | Ubicación en estantería | Fecha de adquisición | Enumeración/cronología de publicación seriada | Clasificación | Código de barras | Fecha visto por última vez | Número de copia | Tipo de ítem Koha |
|---|---|---|---|---|---|---|---|---|---|---|---|---|---|---|---|
| Library of Congress Classification | Disponible (Préstamo en sala) | UNESCO | Bib. Gregorio Torres Quintero | Bib. Gregorio Torres Quintero | Colecciones especiales Planta alta | 03/02/2023 | Donación UNESCO | LB2331.615 A4.4 A2.7 | U9061 | 31/12/2020 | 1 | Libro |
